000 01262pam a2200313 a 4500
001 4015839
003 NUST - PNEC
005 20170116180951.0
008 970520s1998 nyua b 000 0 eng
010 _a 97016040
020 _a0195110099
040 _cLIBRARY
082 0 0 _a621.382 LAT
100 1 _aLathi, B. P.
_q(Bhagwandas Pannalal)
245 1 0 _aModern digital and analog communication systems
_cB.P. Lathi.
250 _a3rd ed.
260 _aNew York :
_bOxford University Press,
_c1998.
300 _axiii, 781 p. :
_bill. ;
_c25 cm.
440 4 _aThe Oxford series in electrical and computer engineering
504 _aIncludes bibliographical references.
650 0 _aTelecommunication systems.
_xCommunication
650 0 _aDigital communications.
650 0 _aStatistical communication theory.
856 4 2 _3Publisher description
_uhttp://www.loc.gov/catdir/enhancements/fy0605/97016040-d.html
856 4 1 _3Table of contents only
_uhttp://www.loc.gov/catdir/enhancements/fy0605/97016040-t.html
906 _a7
_bcbc
_corignew
_d1
_eocip
_f19
_gy-gencatlg
942 _2ddc
_cBK
999 _c66412
_d66412